| 000 | 01330cam a2200301 i 4500 | ||
|---|---|---|---|
| 999 |
_c57790 _d57790 |
||
| 001 | 19580949 | ||
| 005 | 20221108163510.0 | ||
| 008 | 170324s2017 nyuab b 000 0 eng | ||
| 020 |
_a9780190656775 X _q(pbk) |
||
| 041 | _aeng | ||
| 080 | _a32(5)+316.7(5) A-53 | ||
| 100 | 1 |
_aAhmad, Aisha, _eauthor. _99807 |
|
| 245 | 1 | 0 |
_aJihad & Co. : _bblack markets and Islamist power / _cAisha Ahmad. |
| 264 | 1 |
_aNew York, NY : _bOxford University Press, _c2017. |
|
| 300 |
_a303 pages : _billustrations, maps ; _c25 cm. |
||
| 650 | 0 |
_aJihad _xEconomic aspects. _99808 |
|
| 650 | 0 |
_aCivil war _xEconomic aspects _zIslamic countries. _99809 |
|
| 650 | 0 |
_aPolitical violence _xEconomic aspects _zIslamic countries. _99810 |
|
| 650 | 0 |
_aBlack market _zIslamic countries. _99811 |
|
| 650 | 0 |
_aInformal sector (Economics) _zIslamic countries. _99812 |
|
| 651 | 0 |
_aIslamic countries _xEconomic conditions _y21st century. _99813 |
|
| 653 | _aმებრძოლი ჯიჰადისტური დაჯგუფებები | ||
| 653 | _aეკონომიკური ასპექტები | ||
| 653 | _a ისლამური ქვეყნები | ||
| 653 | _a პოლიტიკური ძალადობა | ||
| 942 |
_2udc _cBK |
||
| 955 |
_aDGU _axn15 2017-10-17 1 copy rec'd., to CIP ver. _ark20 2017-10-20 |
||